Dodgers 2017 World Series Roster - Statistics

General Stats
  • This quiz has been taken 31 times
  • The average score is 13 of 25
Answer Stats
Position Player % Correct
P Clayton Kershaw
100%
1B Cody Bellinger
91%
SS Corey Seager
91%
3B Justin Turner
91%
C Austin Barnes
87%
UTIL Chris Taylor
83%
P Kenley Jansen
70%
UTIL Kiké Hernández
70%
OF Joc Pederson
65%
OF Yasiel Puig
65%
C Yasmani Grandal
57%
P Yu Darvish
57%
P Alex Wood
43%
2B Logan Forsythe
43%
2B Chase Utley
39%
P Kenta Maeda
39%
OF Andre Ethier
35%
P Brandon Morrow
35%
P Rich Hill
35%
UTIL Charlie Culberson
22%
P Tony Cingrani
17%
P Brandon McCarthy
13%
P Ross Stripling
13%
P Tony Watson
13%
P Josh Fields
9%
No matching quizzes found
Score Distribution
Percent of People with Each Score
Percentile by Number Answered
Your Score History
You have not taken this quiz